Optiko-elektronnyje ugloizmeriteľnyje sistemy /

Guardado en:
Detalles Bibliográficos
Autor principal: Kapičin, Ivan Ivanovič (Autor)
Formato: Libro
Lenguaje:ruso
Publicado: Kijev : Technika, 1986
Materias:
Etiquetas: Agregar Etiqueta
Sin Etiquetas, Sea el primero en etiquetar este registro!

MARC

LEADER 00000nam a22000003a 4500
001 stu37553
005 20150617225727.8
008 920714s1986----xxr-----------------rus-d
040 |a STU  |b slo 
041 0 |a rus 
044 |a xxr 
080 |a 531.74 
080 |a 621.383 
100 1 |a Kapičin, Ivan Ivanovič  |4 aut 
245 1 |a Optiko-elektronnyje ugloizmeriteľnyje sistemy /  |c [aut.]Ivan I. Kapičin 
260 |a Kijev :  |b Technika,  |c 1986 
300 |a 143 s 
650 7 |a Meranie uhlové opticko-elektrické  |2 stusub 
996 |b 284M003040  |c M*4496-1  |l MMKN  |s A  |a 24  |w stu37553_0001